LEADER 02621cas a2200577 a 4500
001 c000403153
003 CARM
005 20190402153321.0
007 t|
008 190402c19639999ilufr m 0 0eng d
010 |a 79644563  |z sf 79010243 
019 1 |a 1873302  |5 LACONCORD2021 
022 0 |a 0033-6297 
035 |a (OCoLC)1763320  |5 LACONCORD2021 
040 |a LC  |b eng  |c LC 
042 |a lc  |a nsdp 
050 0 0 |a GV201  |b .Q43 
082 0 0 |a 613.7/05 
082 0 4 |a 13.7/05 
130 0 |a Quest (Champaign, Ill.) 
210 0 |a Quest  |b (Natl. Assoc. Phys. Educ. High. Educ.) 
222 0 |a Quest  |b (National Association for Physical Education in Higher Education) 
245 1 0 |a Quest. 
260 |a Champaign, Ill. :  |b National Association for Physical Education in Higher Education,  |c 1963- 
300 |a v. ;  |c 23 cm. 
310 |a Semiannual 
321 |a Semiannual,  |b -1986 
321 |a Three times a year,  |b 1986- 
362 0 |a Monograph 1 (Winter issue, Dec.1963)- 
500 |a Each no. has also a distinctive title. 
510 2 |a Coal abstracts,  |x 0309-4979. 
510 2 |a Current index to journals in education,  |x 0011-3565. 
510 2 |a Women studies abstracts,  |x 0049-7835. 
510 1 |a Education index,  |x 0013-1385. 
515 |a Issues for 1963-78 called monograph no. 1-30 but constitute v. 1-30. 
550 |a No. 1-<22> published by National Association for Physical Education of College Women, and National College Physical Education Association for Men; v. 31- published by National Association for Physical Education in Higher Education. 
650 0 |a Sports  |v Periodicals. 
650 0 |a Physical education and training  |v Periodicals. 
710 2 |a National College Physical Education Association for Men (U.S.) 
710 2 |a National Association for Physical Education of College Women 
710 2 |a National Association for Physical Education in Higher Education (U.S.) 
776 0 8 |i Online version  |t Quest  |w (OCoLC)567953264 
776 0 8 |i Online version  |t Quest  |w (OCoLC)607197832 
780 0 5 |a National Association for Physical Education in Higher Education (U.S.). Conference.  |t Proceedings  |w (OCoLC)7364083 
852 8 |b CARM  |i B12724  |p 0653593  |j 62:1(2010:02)  |f SE 
852 8 |b SCAN  |h A3:AH10B0  |i B12724  |p 0653593  |f SE 
852 8 |b SCAN  |h A3:AH10B0  |i B12724  |p 0653593  |f SE 
866 0 |a 62:1(2010:02) 
999 f f |i 44e272b8-02a4-5300-83fc-4b8b8035b848  |s 07f55171-e949-5414-914f-f1336cde44db 
952 f f |p Can circulate  |a CAVAL  |b CAVAL  |c CAVAL  |d CARM 1 Store  |e B12724  |h Other scheme  |i book  |k 62:1(2010:02)  |m 0653593 
952 f f |a CAVAL  |b CAVAL  |c CAVAL  |d Unmapped Location  |e B12724  |f A3:AH10B0  |h Other scheme